| 000 | 00962nam a2200229 a 4500 | ||
|---|---|---|---|
| 001 | 12877 | ||
| 003 | BD-JhCC | ||
| 005 | 20230530194810.0 | ||
| 008 | 230530s20212016b |||| |||| 000 0 be d | ||
| 035 | _a(BD-JhCC)12877 | ||
| 040 |
_aBD-JhCC _dBD-JhCC |
||
| 041 | _aben | ||
| 082 |
_a297.74 _bKAS 2021 |
||
| 100 | _aকাসেমি, মুফতি রওশন শাহ | ||
| 245 |
_aভারতীয় নওমসলিমদের ঈমানদীপ্ত সাক্ষাৎকার / _cমুফতি রওশন শাহ কাসেমি, (অনু.) মাওলানা শামসুদ্দীন সাদী |
||
| 260 |
_aঢাকা : _bআনোয়ার লাইব্রেরি, _c২০২১ |
||
| 300 |
_a৩৮৪ পৃ. : _c২১ সেমি. |
||
| 650 | _aDawah | ||
| 650 | _aReligious Life--- Islam | ||
| 700 | _aসাদী, মাওলানা শামসুদ্দীন | ||
| 942 |
_2ddc _cBK |
||
| 999 |
_c12877 _d12877 |
||